Capitales_Mort Subite (difficile) - Statistiques

Statistiques générales
  • Ce quiz a été pris 186 fois
  • Le résultat moyen est 12 sur 21
Answers on the Grid
Answers color-coded by a green-red scale on the quiz's grid according to % correct below.
Abidjan
Abou Dabi
Abuja
Auckland
Bagdad
Dar es Salaam
Cardiff
Chisinau
Cracovie
Douala
Glasgow
Caracas
Hô Chi Minh-Ville
Istanbul
Kaboul
Karachi
Kingston
Kuala Lumpur
Lagos
Maribor
Marrakech
Minsk
Munich
New Delhi
New York
Oran
Panama
Port Moresby
Porto
Pristina
Pyongyang
Rio
Riyad
Sarajevo
Shangai
Sydney
Tachkent
Tbilissi
Tegucigalpa
Tombouctou
Toronto
Vilnius
 
Statistiques - réponses
Réponse % Correct
Bagdad
75%
Abou Dabi
66%
Kuala Lumpur
66%
New Delhi
65%
Pyongyang
64%
Chisinau
63%
Kaboul
63%
Minsk
63%
Kingston
62%
Sarajevo
62%
Caracas
60%
Tbilissi
60%
Vilnius
60%
Panama
59%
Riyad
58%
Pristina
56%
Abuja
52%
Tegucigalpa
47%
Port Moresby
45%
Tachkent
44%
Cardiff
25%
Aucun quiz correspondant
Distribution des résultats
% des personnes avec chaque résultat
Percentile par nombre de réponses
Votre historique - résultats
Vous n’avez pas pris ce quiz